| 000 | 00695nam a22002293a 4500 | ||
|---|---|---|---|
| 005 | 20240228063609.0 | ||
| 008 | 010531s1995 mx r 000 0 spa d | ||
| 020 | _a9681647068 | ||
| 035 | _aUPN01000116891 | ||
| 049 | _aI | ||
| 050 | 4 |
_aPZ21.9 _bB6.58 1995 |
|
| 100 | 1 |
_aBosco, Henri, _d1888-1976 |
|
| 245 | 1 | 3 |
_aEl niño y el río / _cHenri Bosco ; il. de Felipe Ugalde ; tr. de José Luis Rivas. |
| 250 | _a2a ed. | ||
| 260 |
_aMéxico : _bFCE, _c1995. |
||
| 300 |
_a117 p. : _bil. |
||
| 440 | 0 |
_aA la orilla del viento. _pPara los que leen bien ; _v31 |
|
| 650 | 4 |
_aLiteratura infantil francesa _913687 |
|
| 650 | 4 |
_aCuentos infantiles _96744 |
|
| 905 | _aInfantil | ||
| 999 |
_c89533 _d89533 |
||